000 00717cab a2200229 4500
001 WB3215-29
008 090401t1996 xxu||||| |||| 00| 0 eng d
035 _a(Sirsi) u69739
041 _aeng
245 _aShopping centre planned
260 _c1996
350 _a0
490 _aFinancial Times
_v15 April 1996, 8(1)
520 _aA shopping centre is to go-ahead on a vacant 37-acre site at White City, west London. The site has remained derelict for 10 years due to a deadlock between owners and developers.
650 _aREDEVELOPMENT
650 _aSHOPPING CENTRES
650 _aWEST LONDON
650 _aWHITE CITY
690 _aPROPERTY-PROPERTY DEVELOPMENT
942 _n0
948 _c04/03/1997
999 _c43834
_d43834